Tinkering really won't do the trick (Record no. 79052)
[ view plain ]
| 000 -LEADER | |
|---|---|
| fixed length control field | 01393cab a22002775a 4500 |
| 001 - CONTROL NUMBER | |
| control field | L139554 |
| 008 - FIXED-LENGTH DATA ELEMENTS--GENERAL INFORMATION | |
| fixed length control field | 070730e20070728xxk f 000 0 eng d |
| 035 ## - SYSTEM CONTROL NUMBER | |
| System control number | (Sirsi) u139554 |
| 041 0# - LANGUAGE CODE | |
| Language code of text/sound track or separate title | eng |
| 100 1# - MAIN ENTRY--PERSONAL NAME | |
| Personal name | Francis, Andrew |
| 245 00 - TITLE STATEMENT | |
| Title | Tinkering really won't do the trick |
| 260 ## - PUBLICATION, DISTRIBUTION, ETC. | |
| Date of publication, distribution, etc. | 2007 |
| 490 ## - SERIES STATEMENT | |
| Series statement | Estates Gazette |
| Volume/sequential designation | (0730) 28 July 2007, 124-126(3) |
| 520 ## - SUMMARY, ETC. | |
| Summary, etc. | Reports on the current state of the law of easements and covenants. The Law Commission is currently reviewing these laws and will publish a consultation paper this year. Acquisition of an easement by prescription is via an archaic process. The express granting of easements still leaves room for uncertainty over terms. There is also no statutory power to discharge or modify easements. Identifying the distinction between restrictive and positive covenants can be problematic. Rules governing restrictive covenants can be complex. Lands Tribunal jurisdiction is costly and slow. |
| 590 ## - LOCAL NOTE (RLIN) | |
| Local note | KA |
| 650 24 - SUBJECT ADDED ENTRY--TOPICAL TERM | |
| Topical term or geographic name entry element | PRESCRIPTION ACT 1832 |
| 650 24 - SUBJECT ADDED ENTRY--TOPICAL TERM | |
| Topical term or geographic name entry element | LAND REGISTRATION ACT 2002 |
| 650 24 - SUBJECT ADDED ENTRY--TOPICAL TERM | |
| Topical term or geographic name entry element | LAW OF PROPERTY ACT 1925 |
| 650 24 - SUBJECT ADDED ENTRY--TOPICAL TERM | |
| Topical term or geographic name entry element | WHEELDON V BURROWS |
| 650 24 - SUBJECT ADDED ENTRY--TOPICAL TERM | |
| Topical term or geographic name entry element | GREENWICH HEALTHCARE NHS TRUST V LONDON AND QUADRANT HOUSING TRUST |
| 650 24 - SUBJECT ADDED ENTRY--TOPICAL TERM | |
| Topical term or geographic name entry element | CREST NICHOLSON (SOUTH) LTD V MCALLISTER |
| 650 24 - SUBJECT ADDED ENTRY--TOPICAL TERM | |
| Topical term or geographic name entry element | REGAN V PAUL PROPERTIES |
| 651 #4 - SUBJECT ADDED ENTRY--GEOGRAPHIC NAME | |
| Geographic name | United Kingdom |
| Chronological subdivision | |
| 690 ## - LOCAL SUBJECT ADDED ENTRY--TOPICAL TERM (OCLC, RLIN) | |
| Topical term or geographic name as entry element | Boundary disputes |
| 9 (RLIN) | 6221 |
| 942 ## - ADDED ENTRY ELEMENTS (KOHA) | |
| Suppress in OPAC | 0 |
No items available.